000 00458nam a2200193Ia 4500
008 101110s9999 xx 000 0 und d
041 _aENGLISH
082 _bSR8155
100 _aMehrotra H.C.
245 _aIncome Tax Law and Accounts
365 _b15
520 _aCommerce
546 _aENGLISH
630 _aIncome Tax Law and Accounts
650 _aCommerce
655 _aCommerce
730 _aIncome Tax Law and Accounts
942 _cBOOK
999 _c803637
_d803634